<?xml version="1.0" encoding="UTF-8"?><?xml-stylesheet type="text/xsl" href="static/style.xsl"?><OAI-PMH xmlns="http://www.openarchives.org/OAI/2.0/" xmlns:xsi="http://www.w3.org/2001/XMLSchema-instance" xsi:schemaLocation="http://www.openarchives.org/OAI/2.0/ http://www.openarchives.org/OAI/2.0/OAI-PMH.xsd"><responseDate>2026-05-15T09:50:59Z</responseDate><request verb="GetRecord" identifier="oai:riubu.ubu.es:10259/8221" metadataPrefix="marc">https://riubu.ubu.es/oai/request</request><GetRecord><record><header><identifier>oai:riubu.ubu.es:10259/8221</identifier><datestamp>2023-12-20T01:05:21Z</datestamp><setSpec>com_10259_4376</setSpec><setSpec>com_10259_5086</setSpec><setSpec>com_10259_2604</setSpec><setSpec>com_10259_4354</setSpec><setSpec>col_10259_4377</setSpec><setSpec>col_10259_4355</setSpec></header><metadata><record xmlns="http://www.loc.gov/MARC21/slim" xmlns:doc="http://www.lyncode.com/xoai" xmlns:xsi="http://www.w3.org/2001/XMLSchema-instance" xmlns:dcterms="http://purl.org/dc/terms/" xsi:schemaLocation="http://www.loc.gov/MARC21/slim http://www.loc.gov/standards/marcxml/schema/MARC21slim.xsd">
<leader>00925njm 22002777a 4500</leader>
<datafield tag="042" ind1=" " ind2=" ">
<subfield code="a">dc</subfield>
</datafield>
<datafield tag="720" ind1=" " ind2=" ">
<subfield code="a">Revilla Cuesta, Andrea</subfield>
<subfield code="e">author</subfield>
</datafield>
<datafield tag="720" ind1=" " ind2=" ">
<subfield code="a">Abajo Cuadrado, Irene</subfield>
<subfield code="e">author</subfield>
</datafield>
<datafield tag="720" ind1=" " ind2=" ">
<subfield code="a">Medrano, María</subfield>
<subfield code="e">author</subfield>
</datafield>
<datafield tag="720" ind1=" " ind2=" ">
<subfield code="a">Martín Salgado, Mateo</subfield>
<subfield code="e">author</subfield>
</datafield>
<datafield tag="720" ind1=" " ind2=" ">
<subfield code="a">Pecori, Giuditta</subfield>
<subfield code="e">author</subfield>
</datafield>
<datafield tag="720" ind1=" " ind2=" ">
<subfield code="a">Rodríguez Rodríguez, Mª Teresa</subfield>
<subfield code="e">author</subfield>
</datafield>
<datafield tag="720" ind1=" " ind2=" ">
<subfield code="a">Hernando Muñoz, Carla</subfield>
<subfield code="e">author</subfield>
</datafield>
<datafield tag="720" ind1=" " ind2=" ">
<subfield code="a">García Calvo, José</subfield>
<subfield code="e">author</subfield>
</datafield>
<datafield tag="720" ind1=" " ind2=" ">
<subfield code="a">Arcos Martínez, Julia</subfield>
<subfield code="e">author</subfield>
</datafield>
<datafield tag="720" ind1=" " ind2=" ">
<subfield code="a">Torroba Pérez, Tomás</subfield>
<subfield code="e">author</subfield>
</datafield>
<datafield tag="260" ind1=" " ind2=" ">
<subfield code="c">2023-10</subfield>
</datafield>
<datafield tag="520" ind1=" " ind2=" ">
<subfield code="a">We describe the proof of concept of a portable testing setup for the detection of trinitrotoluene (TNT), a common component in hidden explosive devices. The system allows for field-testing and generation of real-time results to test for TNT traces in surfaces by simply using a filter paper and a fluorescent reporter. In this way, the controlled trapping and detection of the analyte by a chemical sensor gives reliable results at extremely low concentrations of TNT on surfaces under real life conditions suitable for daily use in ordinary sampling for example at airlines luggage storage or sport locker rooms. The reported fluorescent methodology is very sensitive and selective, allowing for the trapping and detection of TNT by a fluorescent reporter to give reliable results at very low concentrations. As a complement, we report the preparation of a modified Sylgard film that is useful under real conditions for qualitative fluorescent detection of hidden traces of TNT on surfaces or fingers by a swab method. The combination of quantitative and qualitative detection of TNT traces on surfaces constitutes a comprehensive new method for the detection of hidden nitroaromatic explosives in the workplace.</subfield>
</datafield>
<datafield tag="024" ind2=" " ind1="8">
<subfield code="a">1010-6030</subfield>
</datafield>
<datafield tag="024" ind2=" " ind1="8">
<subfield code="a">http://hdl.handle.net/10259/8221</subfield>
</datafield>
<datafield tag="024" ind2=" " ind1="8">
<subfield code="a">10.1016/j.jphotochem.2023.114911</subfield>
</datafield>
<datafield ind1=" " ind2=" " tag="653">
<subfield code="a">2,4,6-Trinitrotoluene</subfield>
</datafield>
<datafield ind1=" " ind2=" " tag="653">
<subfield code="a">Improvised explosive devices</subfield>
</datafield>
<datafield ind1=" " ind2=" " tag="653">
<subfield code="a">Chemical sensors</subfield>
</datafield>
<datafield ind1=" " ind2=" " tag="653">
<subfield code="a">Fluorescent materials</subfield>
</datafield>
<datafield ind1=" " ind2=" " tag="653">
<subfield code="a">Chemical tests</subfield>
</datafield>
<datafield ind1=" " ind2=" " tag="653">
<subfield code="a">Swab alternatives</subfield>
</datafield>
<datafield tag="245" ind1="0" ind2="0">
<subfield code="a">New fluorescent reporters capable of Ultra-sensitively detecting trinitrotoluene on surfaces: A proof-of-concept for finding hidden nitroaromatics in the workroom</subfield>
</datafield>
</record></metadata></record></GetRecord></OAI-PMH>